<?xml version="1.0" encoding="UTF-8"?>
<record
    xmlns:xsi="http://www.w3.org/2001/XMLSchema-instance"
    xsi:schemaLocation="http://www.loc.gov/MARC21/slim http://www.loc.gov/standards/marcxml/schema/MARC21slim.xsd"
    xmlns="http://www.loc.gov/MARC21/slim">

  <leader>00397    a2200109   4500</leader>
  <datafield tag="245" ind1=" " ind2=" ">
    <subfield code="a">Famous adventures of Mr. Magoo</subfield>
  </datafield>
  <datafield tag="650" ind1=" " ind2=" ">
    <subfield code="a">literature</subfield>
  </datafield>
  <controlfield tag="005">20191021095630.0</controlfield>
  <datafield tag="260" ind1=" " ind2=" ">
    <subfield code="a">xx</subfield>
    <subfield code="c">1964</subfield>
  </datafield>
  <datafield tag="084" ind1=" " ind2=" ">
    <subfield code="a">CGA 5775 (ref print)</subfield>
  </datafield>
  <datafield tag="300" ind1=" " ind2=" ">
    <subfield code="a">1 reel : sd., col. </subfield>
    <subfield code="b"> 35 mm. ref print.</subfield>
    <subfield code="c">1 reel : sd., col. ; 35 mm. ref print.</subfield>
  </datafield>
  <datafield tag="500" ind1=" " ind2=" ">
    <subfield code="a">a Henry G. Saperstein Production by UPA Pictures, Inc. ; supervising director: Abe Levitow.</subfield>
  </datafield>
  <datafield tag="999" ind1=" " ind2=" ">
    <subfield code="c">12481</subfield>
    <subfield code="d">12481</subfield>
  </datafield>
</record>
